<?xml version="1.0" encoding="UTF-8"?>
<record
    xmlns:xsi="http://www.w3.org/2001/XMLSchema-instance"
    xsi:schemaLocation="http://www.loc.gov/MARC21/slim http://www.loc.gov/standards/marcxml/schema/MARC21slim.xsd"
    xmlns="http://www.loc.gov/MARC21/slim">

  <leader>01999    a2200229   4500</leader>
  <controlfield tag="001">3770</controlfield>
  <controlfield tag="005">20260407155430.0</controlfield>
  <controlfield tag="008">260407a2003    arg                 spa d</controlfield>
  <controlfield tag="003">AR-UNSa-BCEJYS</controlfield>
  <datafield tag="040" ind1=" " ind2=" ">
    <subfield code="a">AR-UNSa-BCEJYS</subfield>
    <subfield code="b">spa</subfield>
    <subfield code="c">AR-UNSa-BCEJYS</subfield>
  </datafield>
  <datafield tag="080" ind1=" " ind2=" ">
    <subfield code="a">321</subfield>
    <subfield code="x">Formas de la organizaci&#xF3;n pol&#xED;tica. Los estados como poderes pol&#xED;ticos</subfield>
  </datafield>
  <datafield tag="245" ind1="1" ind2="0">
    <subfield code="a">Del contrato social o principios del derecho pol&#xED;tico</subfield>
  </datafield>
  <datafield tag="020" ind1=" " ind2=" ">
    <subfield code="a">950-527-908-6</subfield>
  </datafield>
  <datafield tag="264" ind1=" " ind2="1">
    <subfield code="a">Buenos Aires :</subfield>
    <subfield code="b">Universidad de Buenos Aires. Facultad de Derecho. Departamento de Publicaciones</subfield>
    <subfield code="c">2003</subfield>
  </datafield>
  <datafield tag="300" ind1=" " ind2=" ">
    <subfield code="a">xxviii, 86 p.</subfield>
    <subfield code="c">24 cm.</subfield>
  </datafield>
  <datafield tag="505" ind1=" " ind2=" ">
    <subfield code="a">LIBRO PRIMERO: 1. Materia del primer libro - 2. De las primeras sociedades - 3. Del derecho del m&#xE1;s fuerte - 4. De la esclavitud - 5. Que siempre es necesario, subir a una primera convenci&#xF3;n - 6. Del pacto social - 7. Del soberano - 8. Del estado civil - 9. Del dominio real - LIBRO SEGUNDO: 1. Que la soberan&#xED;a es inalienable 2. Que la soberan&#xED;a es indivisible - 3. Si la voluntad general puede errar 4. De los l&#xED;mites del poder soberano - 5. Del derecho de vida y muerte - 6. De la ley - 7. Del legislador - 8. Del pueblo - 9. Continuaci&#xF3;n - 10. Continuaci&#xF3;n - 11. De los diversos sistemas de legislaci&#xF3;n - 12. Divisi&#xF3;n de leyes - LIBRO TERCERO: 1. Del gobierno en general - 2. Del principio que constituye las diversas formas del gobierno - 3. Divisi&#xF3;n de los gobiernos - 4. De la democracia - 5. De la Aristocracia - 6. De la Monarqu&#xED;a - 7. De los gobiernos mixtos - 8. Que toda forma de gobierno no conviene a todos los pa&#xED;ses - 9. De las se&#xF1;ales de un buen gobierno - 10. De los abusos del gobierno, y de su propensi&#xF3;n a degenerar - 11. De la muerte del cuerpo pol&#xED;tico - 12. Como se mantiene la autoridad soberana.</subfield>
  </datafield>
  <datafield tag="942" ind1=" " ind2=" ">
    <subfield code="c">BK</subfield>
  </datafield>
  <datafield tag="590" ind1=" " ind2=" ">
    <subfield code="a">niveau_biblio:m niveau_hierar:0</subfield>
  </datafield>
  <datafield tag="100" ind1="1" ind2=" ">
    <subfield code="a">Moreno, Mariano</subfield>
  </datafield>
  <datafield tag="700" ind1="1" ind2=" ">
    <subfield code="a">Rousseau, Jean-Jacques</subfield>
  </datafield>
  <datafield tag="856" ind1="4" ind2="1">
    <subfield code="u">https://biblioeco.unsa.edu.ar/pmb/images/libros/Del Contrato Social-l117905.jpg</subfield>
    <subfield code="y">Imagen de portada</subfield>
    <subfield code="q">image/jpeg</subfield>
  </datafield>
  <datafield tag="999" ind1=" " ind2=" ">
    <subfield code="c">355</subfield>
    <subfield code="d">355</subfield>
  </datafield>
  <datafield tag="952" ind1=" " ind2=" ">
    <subfield code="0">0</subfield>
    <subfield code="1">0</subfield>
    <subfield code="4">0</subfield>
    <subfield code="7">0</subfield>
    <subfield code="a">BCEJYS</subfield>
    <subfield code="b">BCEJYS</subfield>
    <subfield code="c">16</subfield>
    <subfield code="d">2026-04-07</subfield>
    <subfield code="l">0</subfield>
    <subfield code="o">321 R864</subfield>
    <subfield code="p">L117905</subfield>
    <subfield code="r">2026-04-07 15:54:30</subfield>
    <subfield code="w">2026-04-07</subfield>
    <subfield code="y">L</subfield>
  </datafield>
</record>
